American Jewish history /

"Divided into six time periods, American Jewish History describes Jewish life from the time of the early settlers, to the period of massive immigration that flooded the cities, to the incredible growth of Jews in positions of influence in business, politics, and the arts. This is a story of a p...

全面介绍

Saved in:
书目详细资料
主要作者: Finkelstein, Norman H.
格式: 图书
语言:English
出版: Philadelphia : Jewish Publication Society, 2007.
版:1st ed.
丛编:JPS guide.
主题:
标签: 添加标签
没有标签, 成为第一个标记此记录!
LEADER 01764cam a22003854a 4500
001 010258564-4
005 20131113044101.0
008 060823s2007 pauab b 001 0 eng
010 |a  2006028015 
015 |a GBA723331  |2 bnb 
016 7 |a 013700253  |2 Uk 
020 |a 0827608101 (alk. paper) 
020 |a 9780827608108 (alk. paper) 
035 0 |a ocm71173789 
040 |a DLC  |c DLC  |d BAKER  |d C#P  |d YDXCP  |d UKM 
043 |a n-us--- 
050 0 0 |a E184.35  |b .F565 2007 
082 0 0 |a 973/.04924  |2 22 
100 1 |a Finkelstein, Norman H. 
245 1 0 |a American Jewish history /  |c Norman H. Finkelstein. 
250 |a 1st ed. 
260 |a Philadelphia :  |b Jewish Publication Society,  |c 2007. 
300 |a 221 p. :  |b ill., maps ;  |c 26 cm. 
490 1 |a JPS guide 
504 |a Includes bibliographical references (p. 196-200) and index. 
505 0 |a Mid-1300s-1654 : before the beginning -- 1654-1820 : the earliest settlers -- 1813-1880 : settling in -- 1881-1913 : the great wave -- 1914-1948 : from home to homeland -- 1948-present : into the mainstream. 
520 |a "Divided into six time periods, American Jewish History describes Jewish life from the time of the early settlers, to the period of massive immigration that flooded the cities, to the incredible growth of Jews in positions of influence in business, politics, and the arts. This is a story of a people who affected not only the lives of Jews in the U.S. today, but also the course of American history itself" -- publisher website (July 2007). 
650 0 |a Jews  |z United States  |x History. 
651 0 |a United States  |x Ethnic relations. 
655 7 |a History.  |2 fast 
730 0 |a Project Muse UPCC books  |5 net 
830 0 |a JPS guide. 
988 |a 20070412 
049 |a HLSS 
906 |0 DLC